000
00307nam a22001217a 4500
008
180426b xxu||||| |||| 00| 0 eng d
041
_a
eng
080
_a
043.3
100
_a
0
101
_a
SHKI-BTH
245
_a
Shtresa fizike dhe data link shtresa në teknologjitë e qasjes
_c
Ilazi,K
942
_2
udc
_c
BK
999
_c
45613
_d
45613